000 00316nam a22001337a 4500
008 210505b ||||| |||| 00| 0 eng d
041 _aeng
080 _a611.085
082 _a611.085
100 _a9
101 _aHIS
245 _aHapesira e Gojes Histologjia dhe Embriologjia
_cStevan Popoviq
942 _2udc
_cBK
999 _c57075
_d57075